| 000 | 01135cam a22002054a 4500 | ||
|---|---|---|---|
| 005 | 20250605163935.0 | ||
| 008 | 250528s ||||||||||||||||||||||||d | ||
| 035 | _a14835 | ||
| 020 | _a71125876 | ||
| 040 |
_aGR-AtMCL _bgre _dGR-AtMCL _eAACR2 |
||
| 245 | 1 | _aThe Dynamics of Mass Communication / International Edition | |
| 250 | _a4th | ||
| 260 |
_bMcgraw Hill, Inc, _c1993 |
||
| 300 | _a616 | ||
| 520 | _aPreface, The Nature and Function of Mass Communication Systems, Communication: Mass and Other Forms, Uses and Functions of Mass Communication, The Print Media, History of the Print Media, Structure of the Newspaper Industry, Structure of the Magazine Industry, The Electronic Media, History of Radio and Recording, Structure of the Radio Industry, History of Film and Television, Special Mass Media Professions, News Gathering and Reporting, Regulation of the Mass Media, Mass Media Audiences, Audience Characteristics and Patterns of Use, The Social Impact of Mass Communication, Mass Communication in the Future, Glossary, Index. | ||
| 700 | 1 |
_aDominick Joseph R _9602 |
|
| 942 | _cBK | ||
| 999 |
_c448 _d448 |
||